000 00462nam a2200181Ia 4500
001 22593
005 20260414150841.0
008 260414t2011||||xx |||||||||||||| ||spa||
041 _aESP
082 _a621.3821
_bM61
100 _aMinei, Ina
_eAUT
245 0 _aMPLS-Enabled applications :
_bemerging developments and new technologies
260 _c2011
300 _a593 páginas :
_c24 cm.
650 _aTCA
654 _aCET
942 _cLIB
_dJUS
_fJUS
_2ddc
_n
999 _c22593
_d22593